000 00739nam a2200265 a 4500
003 AR-BaBNM
005 20251128204908.0
008 082120s2002 ||||||||||||||000 | spa||
020 _a968-16-0099-1
040 _cAR-BaBNM
100 1 _aHerschel, Federico Julio
245 0 0 _aIntroducción a la predicción económica
250 _a1ª ed.
260 _aMéxico, D.F.
_bFondo de Cultura Económica
_c1978
300 _a349 p.
_btablas, gráfs.
490 0 _aSección de obras de economía
500 _aIndice de cuadros: p.343-346
650 4 _aMETODOS ESTADISTICOS
650 4 _aESTADISTICA
650 4 _aPREDICCION ECONOMICA
650 4 _aECONOMETRIA
650 4 _aMODELOS ECONOMICOS
942 _cBK
998 _cEnrique
999 _c9236
_d9236